| 000 | 00852nam a22002297a 4500 | ||
|---|---|---|---|
| 999 |
_c17878 _d17878 |
||
| 003 | OSt | ||
| 005 | 20230127100957.0 | ||
| 008 | 230127b ||||| |||| 00| 0 eng d | ||
| 040 | _c0 | ||
| 082 | _aDPer 910.46 T156 2019 v76PA-76PB | ||
| 100 |
_aYao, Tang _eauthor. _946234 |
||
| 245 |
_aRetaining hotel employees as internal customers : _beffect of organizational commitment on attitudinal and behavioral loyalty of employees / _cTang Yao, Qi Qiu, and Yigang Wei. |
||
| 260 |
_aAmsterdam : _bElsevier, _c©January 2019. |
||
| 300 | _av 76PA, pages 1-8 : illustrations. | ||
| 650 |
_aPersonnel management. _947523 |
||
| 650 |
_aEmployee morale. _946931 |
||
| 650 |
_aHospitality industry. _947524 |
||
| 700 |
_aYao, Tang _eauthor. _946234 |
||
| 700 |
_aQiu, Qi _eauthor. _947525 |
||
| 700 |
_aWei, Yigang _eauthor. _947526 |
||
| 942 |
_2ddc _cPER |
||